| 000 | 00485nam a2200181Ia 4500 | ||
|---|---|---|---|
| 001 | 24008 | ||
| 005 | 20260414151015.0 | ||
| 008 | 260414t2005||||xx |||||||||||||| ||spa|| | ||
| 041 | _aESP | ||
| 082 |
_a746.985 _bC14 T. 2 |
||
| 100 |
_aCáceres Macedo, Justo _eAUT |
||
| 245 | 0 |
_aTejidos del Perú prehispánico = Textiles of the prehispanic Peru _b |
|
| 260 | _c2005 | ||
| 300 |
_aviii, páginas : 347-532 _c21 cm. |
||
| 650 | _aABD | ||
| 654 | _aCAU | ||
| 942 |
_cLIB _dJUS _fJUS _2ddc _n |
||
| 999 |
_c24008 _d24008 |
||